| 000 | 00634nam a2200217Ia 4500 | ||
|---|---|---|---|
| 005 | 20211027122753.0 | ||
| 008 | 140110s9999 xx 000 0 und d | ||
| 020 |
_a9780761943730 _cGBP 23.99 |
||
| 040 | _aLoreto College | ||
| 041 | _aEnglish | ||
| 082 |
_a320.3 _bBAR |
||
| 245 |
_aComparative Politics _bexplaining democratic systems _cEdited by Judith Bara, Mark Pennington |
||
| 260 |
_aLos Angeles _bSage _c2009 |
||
| 300 | _aviii,334p | ||
| 504 | _aIncludes bibliographical references and index | ||
| 650 | _aPolitics | ||
| 651 | _aComparative Politics | ||
| 700 |
_aBara, Judith _4ed. |
||
| 850 | _aLCLIB | ||
| 942 | _cBK | ||
| 999 |
_c36243 _d86722 |
||